000 00440nam a2200181Ia 4500
005 20250423100604.0
008 250422s9999 xx 000 0 und d
020 _a9789783744820
050 _aKP 144 .A4/
100 _aAkinbiyi, Sonia
245 0 _aPractice and procedure in civil matters in Nigeria
250 _a1st ed.
260 _aLagos
260 _bStreams communications
260 _c2008
300 _a62 p
942 _cBK
999 _c33761
_d33761